00638 2200217 4500001002100000005001500021035002000036007000300056008004100059020002200100082001600122084002200138100001900160245004000179250002000219260008500239300003100324650002100355600002600376856001800402INLIS00000000000005620250710115636 a0010-0725000056ta250710 a 0 ind  a978-623-118-816-8 a398.209 598 a398.209 598 AJI b0 aAjileo, Ruslan1 aBara si Kaki Ajaib /cRuslan Ajileo aCetakan Pertama aJakarta Timur :bKementerian Pendidikan, Kebudayaan, Riset, dan Teknologi,c2022 a36 hlm :bilus. ;c29,7 cm 4aCerita Bergambar 4aCerita anak-Indonesia aTBM AS SUHADA